1335 1428 1317 1598 1528 1354 1669 1695 1639 1400 1327 1261 1734 1252 1604 1330 1281 1390 1770 1458 1474 1989 1042 1839 1408 1609 1322 1477 1295 1832 1657 1839 1922 1535 1215 1991 1806 1834 1662 1528 1911 1806 1007 1287 1011 1202 1282 1606 1269 1895 1134 1175 1864 1787 1681 1595 1452 1823 1683 1763 1229 1362 1005 1715 1109 1760 1495 1182 1944 1884 1283 1216 1879 1194 1149 1255 1922 1891 1586 1203 1214 1938 1899 1067 1089 1467 1429 1108 1722 1868 1260 1250 1741 1109 1746 1021 1276 1670 1080 BCNSPRNW ULIB Ver.6.0+V

เปลี่ยนเป็นภาษาไทย

Change to English
 แสดงรายละเอียดบรรณานุกรม
  กลับหน้าหลัก

Brief Record : Get Marc (ISO 2709) : E-mail record : QR code < ปิดหน้าต่าง
LEADER : 00000nam 2200000uu 4500
001    13399126775
003     ULIB
008    190304s||||||||th 000 0 tha d
020    ^a9786164260139
060    ^aWG100 ก185ส
100    ^aกรองกาญจน์ ชูทิพย์
245    ^aสรีรวิทยาระบบหัวใจร่วมหลอดเลือดกับการประยุกต์ใช้ทางเภสัชวิทยา
250    ^aพิมพ์ครั้งที่ 2
260    ^aพิษณุโลก :^bมหาวิทยาลัยนเรศวร,^c2561
300    ^a562 หน้า^bภาพประกอบ, ตาราง
650    ^aระบบหัวใจร่วมหลอดเลือด
650    ^aสรีรวิทยา
650    ^aหัวใจ
945    ^p590^l0^i27209
999    ^aกัณชพร จุลอักษร
รายการนี้ยังไม่มีแท็ก
คุณยังไม่ได้ล็อกอิน คุณสามารถมีกิจกรรมร่วมกับเว็บไซต์ได้ แต่ต้องล็อกอินก่อน ::
  ล็อกอิน

รายการสื่อสารสนเทศ

ลำดับที่ ประเภท เลขเรียก/บาร์โค้ด สถานที่ สถานะ
1. วิทยาศาสตร์การแพทย์ และสุขภาพ
วิทยาศาสตร์การแพทย์ และสุขภาพ
WG100 ก185ส ฉ.1 
  Barcode: 27209
ห้องสมุดวิทยาเขตนครสวรรค์
►หนังสือทั่วไป:l:General Books
บนชั้น

รายการใกล้เคียง
    ชื่อเรื่อง [สรีรวิทยาระบบหัวใจร่วมหลอดเลือดกับการประยุกต์ใช้ทางเภสัชวิทยา]

    ผู้แต่ง [กรองกาญจน์ ชูทิพย์]

    หัวเรื่อง [ระบบหัวใจร่วมหลอดเลือด]
    หัวเรื่อง [สรีรวิทยา]
    หัวเรื่อง [หัวใจ]

BibComment


ยังไม่เคยถูกคอมเมนท์

คอมเมนท์ทรัพยากรรายการนี้
  คอมเมนท์: สรีรวิทยาระบบหัว..


 Copyright 2026. Bcnsprnw @Library